[Event "Saratov RSOCF Cup"]
[Site "Saratov"]
[Date "2010.01.24"]
[Round "6"]
[White "Karavaeva, Anastasia"]
[Black "Fedukin, Alexandre"]
[Result "1-0"]
[WhiteElo "1780"]
[BlackElo "2020"]
[PlyCount "129"]
[EventDate "2010.01.19"]
[EventType "swiss"]
[EventRounds "9"]
[EventCountry "RUS"]
[SourceTitle "CBM 134 Extra"]
[Source "ChessBase"]
[SourceDate "2010.03.03"]
[SourceVersion "1"]
[SourceVersionDate "2010.03.03"]
[SourceQuality "1"]

1. e4 e6 2. d4 d5 3. exd5 exd5 4. Bd3 Bd6 5. c3 Ne7 6. Qf3 0-0 7. h3 Be6 8. Ne2 Ng6 9. 0-0 Nd7 10. Ng3 Qf6 11. Qxf6 Nxf6 12. Nd2 Nf4 13. Bc2 g6 14. Nf3 Rfe8 15. Re1 N6h5 16. Nf1 Ng7 17. Ne3 f6 18. Bd2 c6 19. Ng4 Bxg4 20. hxg4 g5 21. g3 Nfe6 22. Kg2 Nf8 23. Be3 Re7 24. Rh1 Nge6 25. Rh6 Rf7 26. Bf5 Re8 27. Re1 Ng7 28. Bd3 Nge6 29. Bf5 b5 30. Bxg5 fxg5 31. Bxe6 Kg7 32. Bxf7 Rxe1 33. Rxd6 Re2 34. Ne5 Rxb2 35. Rxc6 Rxa2 36. Bxd5 Ra3 37. Rc7+ Kh6 38. Bg8 a5 39. Rf7 Rxc3 40. Rxf8 Kg7 41. Rb8 a4 42. Bd5 a3 43. Rxb5 Rc2 44. Ra5 Rc3 45. Nc4 Rd3 46. Nxa3 Rxd4 47. Bf3 h6 48. Nc2 Rd7 49. Ne3 Rc7 50. Nf5+ Kh7 51. Ra6 Rc5 52. Rxh6+ Kg8 53. Rg6+ Kf7 54. Rxg5 Kf6 55. Rg8 Kf7 56. Rd8 Kf6 57. Nh4 Ke7 58. Rd5 Rc4 59. g5 Kf7 60. g6+ Kg7 61. Rd7+ Kh6 62. g7 Rxh4 63. gxh4 Kh7 64. Bd5 Kh6 65. g8Q 1-0

[Event "Saratov RSOCF Cup"]
[Site "Saratov"]
[Date "2010.01.23"]
[Round "5"]
[White "Karavaeva, Anastasia"]
[Black "Erofeev, Alexey"]
[Result "1-0"]
[WhiteElo "1780"]
[BlackElo "2278"]
[PlyCount "69"]
[EventDate "2010.01.19"]
[EventType "swiss"]
[EventRounds "9"]
[EventCountry "RUS"]
[SourceTitle "CBM 134 Extra"]
[Source "ChessBase"]
[SourceDate "2010.03.03"]
[SourceVersion "1"]
[SourceVersionDate "2010.03.03"]
[SourceQuality "1"]

1. e4 e5 2. Bc4 Nf6 3. Qe2 Nc6 4. Nf3 Bc5 5. c3 0-0 6. d3 d5 7. Bb3 dxe4 8. dxe4 Bg4 9. h3 Bh5 10. 0-0 h6 11. Nbd2 Qe7 12. Re1 Rad8 13. Nf1 Rd7 14. Ng3 Bg6 15. Nh4 Kh7 16. Nhf5 Qd8 17. Bc2 Ne7 18. Qb5 Bb6 19. Qxe5 Nxf5 20. Nxf5 Re8 21. Qf4 c6 22. Qf3 Rd5 23. Ng3 Rde5 24. Bf4 R5e6 25. Re2 Nd5 26. exd5 Rxe2 27. Bxg6+ fxg6 28. Nxe2 g5 29. Bg3 Qe7 30. dxc6 Qxe2 31. Qxe2 Rxe2 32. cxb7 Bxf2+ 33. Bxf2 Rxb2 34. Bxa7 Rxb7 35. Bd4 1-0

[Event "RUS-chB U16 Girls"]
[Site "Dagomys"]
[Date "2009.04.18"]
[Round "4"]
[White "Zhmailo, Yana"]
[Black "Karavaeva, Anastasia"]
[Result "1-0"]
[WhiteElo "1707"]
[BlackElo "1784"]
[PlyCount "58"]
[EventDate "2009.04.15"]
[EventType "swiss"]
[EventRounds "9"]
[EventCountry "RUS"]
[SourceTitle "EXT 2010"]
[Source "ChessBase"]
[SourceDate "2010.11.25"]
[SourceVersion "1"]
[SourceVersionDate "2010.11.25"]
[SourceQuality "1"]

1. d4 Nf6 2. c4 g6 3. f3 c5 4. d5 Bg7 5. e4 d6 6. Nc3 0-0 7. Be3 Na6 8. Qd2 Re8 9. 0-0-0 Qa5 10. Bh6 Bh8 11. h4 e6 12. g4 exd5 13. cxd5 Nb8 14. Qh2 Rd8 15. h5 a6 16. hxg6 fxg6 17. Bg5 Qc7 18. Nge2 Nbd7 19. Qh4 Rf8 20. f4 Rf7 21. Bg2 Kf8 22. Rdf1 Nb6 23. f5 gxf5 24. gxf5 Ke8 25. Nf4 Nc4 26. Ne6 Qb6 27. Rf2 Ne5 28. Qg3 Nfg4 29. Re2 Rg7 1-0

[Event "RUS-chB U16 Girls"]
[Site "Dagomys"]
[Date "2009.04.16"]
[Round "2"]
[White "Nurieva, Amina"]
[Black "Karavaeva, Anastasia"]
[Result "0-1"]
[WhiteElo "1850"]
[BlackElo "1784"]
[PlyCount "98"]
[EventDate "2009.04.15"]
[EventType "swiss"]
[EventRounds "9"]
[EventCountry "RUS"]
[SourceTitle "EXT 2010"]
[Source "ChessBase"]
[SourceDate "2010.11.25"]
[SourceVersion "1"]
[SourceVersionDate "2010.11.25"]
[SourceQuality "1"]

1. e4 c5 2. c3 Nf6 3. e5 Nd5 4. d4 cxd4 5. Nf3 Nc6 6. cxd4 g6 7. Nc3 Nxc3 8. bxc3 Bg7 9. Bd3 0-0 10. 0-0 d6 11. exd6 Qxd6 12. a4 Rd8 13. Bg5 Re8 14. Re1 Be6 15. Rc1 Rad8 16. Bh4 Bg4 17. h3 Bxf3 18. Qxf3 Rc8 19. Bc4 e6 20. Bg3 Qd7 21. Qd1 a6 22. Ba2 Ne7 23. Bb3 Nf5 24. Bh2 Red8 25. Re2 Nd6 26. Qe1 Nc4 27. Rd1 Qc6 28. Rd3 Na5 29. Bc2 Qc4 30. Qd1 Qc6 31. Qe1 Nc4 32. Qc1 Nb6 33. Qa3 Nd5 34. Red2 Nxc3 35. Bf4 Nd5 36. Be3 Nxe3 37. fxe3 Bh6 38. Rf2 Qd6 39. Qb3 Rc7 40. Qb1 Rdc8 41. Qd1 Rc3 42. Re2 Qc7 43. Rxc3 Qxc3 44. Kf2 Bxe3+ 45. Rxe3 Qxc2+ 46. Qxc2 Rxc2+ 47. Kf3 Rc4 48. Rb3 Rxa4 49. Rxb7 Rxd4 0-1